000 00330nam a2200121 i 4500
001 bg
245 0 _aLaboratorium mechaniki technicznej.
_nCz. 1,
_pLaboratorium statyki i wytrzymałości materiałów.
260 _aBydgoszcz,
_c1975.
040 _cBPK
041 _apol
942 _cKS
008 s pl f |000 0 pol
999 _c47119
_d47119
856 _uhttp://koha.tu.koszalin.pl/cgi-bin/koha/opac-detail.pl?biblionumber=47119
_yKatalog online BPK